| 000 | 00605nam a22001937a 4500 | ||
|---|---|---|---|
| 003 | OSt | ||
| 005 | 20260422064007.0 | ||
| 008 | 240718b |||||||| |||| 00| 0 eng d | ||
| 020 | _a97849251381 | ||
| 040 |
_aDWC- Main Lib _cOC |
||
| 082 | _aCirc. 781.5 K36 2017 | ||
| 100 | _aKarageorgis, Costas I. | ||
| 245 |
_aApplying music in exercise and sports/ _cCostas I. Karageorgis. |
||
| 260 |
_aUK: _bHuman Kinetics, _cc2017. |
||
| 300 |
_axx, 244 pages : _billustrations ; _c28 cm. |
||
| 504 | _aIncludes bibliographical references and index. | ||
| 650 | _a1. Music and sports | ||
| 942 |
_2ddc _cBK-CIRC _n1 |
||
| 999 |
_c2401 _d2401 |
||